000 00643nam a22001817a 4500
999 _c166966
_d166966
010 _aENG-126191
020 _a978-93-8472-659-1
_c995.00
035 _aEN-109723
037 _bDBAD/PUB
082 _a808.88
100 _aMukherjee,Gurudas
245 _aEnglish Novel:
_cby Gurudas Mukherjee[and]Indibar Mukherjee
_bA Critical Study/
260 _aNew Delhi
_bAne Books Pvt.Ltd.
_c2017
270 _a4821,Parwana Bhawan 1st Floor 24 Ansari Road, Darya Ganj
_bNew Delhi
_e110002
_k+91(011)23276843,2814209
_manebookschennai.com
300 _avii141p.
_b24cm(hb)
650 _aEnglish Novel
942 _2ddc
_cEN
_h808.88
_mMUK